Tilastot visalle Sanat: Ei mitään hätää - Samuli Edelmann

Klikkaa tästä pelataksesi tätä visaa!

Yleistilastot

  • Tätä visaa on pelattu 16 kertaa
  • Keskiarvotulos 99 / 156

Vastaustilastot

Sanat% Oikein
Ei
100%
voi
100%
mitään
100%
hätää,
100%
jos
100%
ei
100%
hätää
100%
minä,
90%
Se
90%
joka
80%
olen
80%
riittäneet
80%
voimat
80%
omat
80%
sun
80%
Voit
70%
kuivata
70%
voit
70%
et
70%
70%
kyyneleet
70%
Kun
60%
kun
60%
Ja
60%
minuun
60%
luottaa
60%
on
50%
ajaa
50%
ohitse,
50%
pääse
50%
perille
50%
bussi
50%
tulee
40%
suru
40%
eikä
40%
läpi,
40%
saumoista
40%
kukaan
30%
voisit
30%
ajat
30%
uskalla
30%
sanoo
30%
niitä
30%
sanoja,
30%
joilla
30%
kaiken,
30%
ne
20%
vain
20%
vastassa
20%
autoa
20%
sohvalle
20%
yksin,
20%
tullutkaan
20%
meet
20%
kutsuit
20%
kaikkia,
20%
makaamaan
20%
ollaan
10%
Sitten
10%
muutamalla
10%
toisiaan
10%
alla
10%
tähtien
10%
Onnekkaiden
10%
kotona,
10%
ratkaista
10%
kilometritolkulla
10%
annetaan
0%
toiset,
0%
joiden
0%
ainoa
0%
keino
0%
kannatella
0%
hyvä,
0%

Tulosjakauma

Persentiili vastausten määrän mukaan

Jokaisen tuloksen saaneiden osuus

Tuloshistoriasi

Et ole pelannut tätä visaa